000 006350000a22002050004500
999 _c54308
_d54308
001 768714001
003 CO-MdFUSB
005 20170823125124.0
008 170823s2001 xxu||||| |||| 00| 0 eng d
022 _a0120-3649
040 _aCO-MdFUSB
_bspa
_cCO-MdFUSB
_dCO-MdFUSB
041 _aeng
100 1 _aFrumkin, Amos
_eautor
245 1 0 _aThe rise and fall of the dead sea
300 _aVolumen 27. Número 6 (2001), Páginas 42-50
_c28 cm.
546 _aTexto en inglés
700 1 _aElitzur, Yoel
773 0 _tBiblical Archaeology Review
_049395
_959465
_gVolumen 27. Número 6 (2001), Páginas 42-50
_qPágina 42
942 _cANA